00478nam a2200193Ia 4500003000900000008004100009040001300050040001300063041000800076100002600084245009000110250001200200260001200212260000900224300001100233300001000244490002400254490000600278IT-RoPAU120407s9999 xx 000 0 und d aIT-RoPAU cIT-RoPAU aita aMarcus Tullius Cicero a"Lettere. Trad. comm. e scelta di Riccardo Scarcia. Testo latino a fronte. 2a. ed." aMilano  aRizzoli c1985 a307 p. c18 cm aclassici Bur, L 317 v1